Engleski po Vuku - Statistics

General Stats
  • This quiz has been taken 121 times
  • The average score is 19 of 35
Answer Stats
Hint Answer % Correct
zaustaviti stop
97%
pas dog
92%
deset ten
83%
kalaj tin
83%
brz fast
81%
dugačak long
81%
testirati test
81%
usne lips
80%
vrh top
75%
staviti put
74%
korak step
73%
dobiti get
67%
izgubljen lost
66%
nije not
66%
savjet; bakšiš tip
65%
magla fog
58%
spisak list
56%
grijeh sin
54%
pustiti, dozvoliti let
53%
robot (skraćeno) bot
48%
šator tent
48%
tačka dot
45%
mreža net
45%
gnijezdo nest
37%
lonac, šerpa pot
37%
nalivpero pen
35%
pribadača pin
35%
saviti bend
24%
šaka fist
24%
posuditi kome šta lend
24%
razdvojiti split
23%
zaplet plot
19%
izmaglica mist
16%
mali dio nečega bit
10%
popraviti nešto, zakrpiti mend
4%
No matching quizzes found
Score Distribution
Percent of People with Each Score
Percentile by Number Answered
Your Score History
You have not taken this quiz